| 000 | 00922nam a2200289 i 4500 | ||
|---|---|---|---|
| 999 |
_c200442066 _d60278 |
||
| 001 | 200442066 | ||
| 003 | TR-AnTOB | ||
| 005 | 20221214160432.0 | ||
| 007 | ta | ||
| 008 | 210712s1964 tu 000 0 tur d | ||
| 035 | _a(TR-AnTOB)200442066 | ||
| 040 |
_aTR-AnTOB _beng _erda _cTR-AnTOB |
||
| 041 | 0 | _atur | |
| 050 |
_aHF5686.C7 _b.Ö93 1964 |
||
| 090 |
_aTOBBK HF5686.C7 _b.Ö93 1964 |
||
| 100 | 1 |
_aÖzal, Özcan _eauthor _9131483 |
|
| 245 | 1 | 0 |
_aİşletmelerde muhasebe hesaplarında kontrol ve revizyon tekniği / _bÖzcan Özal. |
| 264 | 1 |
_aİzmir : _bİzmir İktisadi ve Ticari İlimler Özel Yüksek Okulu, _c1964. |
|
| 300 |
_a149 pages ; _c24 cm |
||
| 336 |
_atext _btxt _2rdacontent |
||
| 337 |
_aunmediated _bn _2rdamedia |
||
| 338 |
_avolume _bnc _2rdacarrier |
||
| 650 | 7 |
_aŞirketler _xMuhasebe _2etuturkob _93072 |
|
| 942 |
_2z _cBK |
||